| 000 | 00546nam a22001697a 4500 | ||
|---|---|---|---|
| 999 |
_c523710 _d523710 |
||
| 003 | NUST | ||
| 038 | _awaseem | ||
| 082 |
_a297 _bNAI |
||
| 100 |
_aNaik, Zakir Abdul Karim _914482 |
||
| 245 |
_aIslam Per 40 Itarazaat kay Aqali w Naqli Jawab / _cZakir Abdul Karim Naik |
||
| 260 |
_aIslamabad : _bDurussalam, _cN.D. |
||
| 300 | _a231 p. ; | ||
| 500 | _aHardcover. | ||
| 880 |
_6100-02\r _aذاکر عبدالکریم ناہیک |
||
| 880 |
_6245-02\r _aاسلام پر 40 اعتراضات کے عقلی و نقلی جواب / |
||
| 942 |
_2ddc _cBK |
||